| 000 | 00516nam a2200157Ia 4500 | ||
|---|---|---|---|
| 008 | 160316s1998 xxu||||| |||| 00| 0 eng d | ||
| 082 |
_a323.200000 _bWAL |
||
| 100 | _aWalker Nancy E | ||
| 245 | _aChildrens rights in the United States : In search of a national policy | ||
| 250 | _a | ||
| 260 |
_aCalifornia _bSage Publications _c1998 |
||
| 300 |
_a278p _b278p* _c |
||
| 365 | _b1,026/95* | ||
| 650 | _a1.Childrens Rights - U S A 2.Rights of the Children - U S A | ||
| 700 |
_aBrooks Cathrine M _aWrightsman Lawrence S |
||
| 999 |
_c13119 _d13119 |
||